庄子逍遥人生 (Record no. 52276)

000 -LEADER
fixed length control field 00480nam a22001937a 4500
003 - CONTROL NUMBER IDENTIFIER
control field MPLRDC
005 - DATE AND TIME OF LATEST TRANSACTION
control field 20220104151240.0
008 - FIXED-LENGTH DATA ELEMENTS--GENERAL INFORMATION
fixed length control field 210129b ||||| |||| 00| 0 eng d
020 ## - INTERNATIONAL STANDARD BOOK NUMBER
International Standard Book Number 986-7813-50-2
082 ## - DEWEY DECIMAL CLASSIFICATION NUMBER
Classification number 121.33 ZZS
100 ## - MAIN ENTRY--PERSONAL NAME
Personal name 周正舒、孙家俊编著
245 ## - TITLE STATEMENT
Title 庄子逍遥人生
Statement of responsibility, etc.
250 ## - EDITION STATEMENT
Edition statement 初版
260 ## - PUBLICATION, DISTRIBUTION, ETC.
Place of publication, distribution, etc.
Name of publisher, distributor, etc. 吉根出版社
Date of publication, distribution, etc. 2003
300 ## - PHYSICAL DESCRIPTION
Other physical details
490 ## - SERIES STATEMENT
Series statement 开拓人生. 10
650 ## - SUBJECT ADDED ENTRY--TOPICAL TERM
Topical term or geographic name entry element 先秦哲学--庄子
942 ## - ADDED ENTRY ELEMENTS (KOHA)
Koha item type Book
-- 121.33 ZZS
Holdings
Withdrawn status Lost status Source of classification or shelving scheme Damaged status Not for loan Collection code Home library Current library Shelving location Date acquired Cost, normal purchase price Total Checkouts Full call number Barcode Date last seen Date last checked out Price effective from Koha item type Public note
            Malaysian Public Library, Research and Development Centre Malaysian Public Library, Research and Development Centre   10/12/2007 12.00   121.33 ZZS 00052454 18/03/2021 15/10/2017 18/03/2021 Book mplrdc

© 2022. Malaysian Public Library, Research and Development Centre. All Right ReservedE-mailmplrdc@help.edu.my 

Powered by Koha